000 00736nam a22002297a 4500
003 LK-CoMWRAF
005 20231030134926.0
008 231014b2001 |||||||| |||| 00| 0 eng d
020 _a1559638230
040 _aLK-CoMWRAF
_dLK-CoMWRAF
_eLK-CoMWRAF
041 _aeng
082 _a333.7
_bMIL
100 _aMiller, Char
245 _aGifford Pinchot and the making of modern environmentalism
260 _aWashington DC :
_b Island Press,
_c2001
300 _a458 p. : ill. ; 24 cm.
_bIndex included
650 _aPINCHOT, GIFFORD
650 _aConservationists--United States--Biography
650 _aPoliticians--United States--Biography
650 _aConservation of natural resources--United States--History.
942 _cBK
999 _c3875
_d3875